Les poésies liriques de Pétrarque / (Record no. 78637)

MARC details
000 -LEADER
campo de control de longitud fija 00699nam a2200217 i 4500
001 - NÚMERO DE CONTROL
campo de control 78637
003 - IDENTIFICADOR DE NÚMERO DE CONTROL
campo de control ES-MaACL
005 - FECHA Y HORA DE LA ÚLTIMA TRANSACCIÓN
campo de control 20230906173754.0
007 - CAMPO FIJO DE DESCRIPCIÓN FÍSICA--INFORMACIÓN GENERAL
campo de control de longitud fija t|
008 - DATOS DE LONGITUD FIJA--INFORMACIÓN GENERAL
campo de control de longitud fija 041015s1931 fr ||||1| fre d
100 1# - ENTRADA PRINCIPAL--NOMBRE DE PERSONA
Nombre de persona Hauvette, Henri.
9 (RLIN) 62136
245 14 - MENCIÓN DEL TÍTULO
Título Les poésies liriques de Pétrarque /
Mención de responsabilidad, etc. Henri Hauvette.
260 ## - PUBLICACIÓN, DISTRIBUCIÓN, ETC.
Lugar de publicación, distribución, etc. Paris :
Nombre del editor, distribuidor, etc. Societé Française de Edition Littéraires et Techniques,
Fecha de publicación, distribución, etc. 1931 (
Fabricante F. Paillart)
300 ## - DESCRIPCIÓN FÍSICA
Extensión 232 p. ;
Dimensiones 19 cm.
490 1# - MENCIÓN DE SERIE
Mención de serie Les grandes événements litteraires
600 04 - PUNTO DE ACCESO ADICIONAL DE MATERIA--NOMBRE DE PERSONA
Nombre de persona Petrarca, Francesco.
9 (RLIN) 91528
830 0# - PUNTO DE ACCESO ADICIONAL DE SERIE-TÍTULO UNIFORME
Título uniforme Les grandes événements litteraires
9 (RLIN) 231405
852 ## - LOCALIZACIÓN
Ubicación ES-MaACL
Número de control de estantería A-2262
852 ## - LOCALIZACIÓN
Ubicación ES-MaACL
Número de control de estantería A-3059
Holdings
Estatus retirado Estado de pérdida Estado de daño No para préstamo Biblioteca de origen Biblioteca actual Ubicación en estantería Fecha de adquisición Fuente de adquisición Total de préstamos Signatura topográfica completa Código de barras Visto por última vez Precio de reemplazo Tipo de ítem Koha
        Biblioteca del Ateneo de Madrid Biblioteca del Ateneo de Madrid Sala Pecera Planta 1 17/01/2008     A-3059 1082248 23/02/2023 23/02/2023 Libro impreso
        Biblioteca del Ateneo de Madrid Biblioteca del Ateneo de Madrid Sala Pecera Planta 1 17/01/2008     A-2262 1082247 23/02/2023 23/02/2023 Libro impreso